載入...

Economic history of India

書目詳細資料
主要作者: Desai, S S M
格式: Printed Book
語言:Undetermined
English
出版: Bombay Himalaya 1980
主題:
LEADER 00572nam a2200193Ia 4500
008 140306s9999 xx 000 0 und d
041 |a eng 
082 |a 330  |b DES/EC 
100 |a Desai, S S M 
245 |a Economic history of India 
260 |a Bombay  |b Himalaya  |c 1980 
300 |a 371 
365 |b Rs .123.00 
650 |a Agriculture 
650 |a Foreign 
650 |a policy 
942 |2 ddc  |c BK 
999 |c 119811  |d 119811 
952 |0 0  |1 0  |2 ddc  |4 0  |6 330_000000000000000_DESEC  |7 0  |9 119002  |a KAUHCV  |b KAUHCV  |d 2002-05-05  |g 123.00  |o 330 DES/EC  |p KAU_HCV-16655  |r 2014-03-22  |w 2014-03-22  |y BK